[Event "Poznan Chess Festival"]
[Site "chess24.com"]
[Date "2021.08.22"]
[Round "9"]
[White "Rusinski, Mateusz"]
[Black "Szafranski, Maciej"]
[Result "0-1"]
[Board "20"]
[WhiteElo "1798"]
[WhiteCountry "POL"]
[WhiteFideId "1144251"]
[WhiteEloChange "-17"]
[BlackElo "1526"]
[BlackCountry "POL"]
[BlackFideId "21805580"]
[BlackEloChange "17"]

1. e4 {[%clk 1:30:54]} c5 {[%clk 1:30:44]} 2. Nf3 {[%clk 1:31:18]} d6 {[%clk
1:30:48]} 3. d4 {[%clk 1:31:38]} cxd4 {[%clk 1:31:12]} 4. Nxd4 {[%clk 1:32:05]}
Nf6 {[%clk 1:31:30]} 5. Nc3 {[%clk 1:32:27]} a6 {[%clk 1:31:57]} 6. f3 {[%clk
1:32:23]} e5 {[%clk 1:31:37]} 7. Nb3 {[%clk 1:32:45]} Be6 {[%clk 1:31:58]} 8. Be3
{[%clk 1:33:00]} Nbd7 {[%clk 1:26:49]} 9. Qd2 {[%clk 1:31:20]} Be7 {[%clk
1:27:03]} 10. O-O-O {[%clk 1:31:22]} O-O {[%clk 1:26:03]} 11. g4 {[%clk 1:31:31]}
b5 {[%clk 1:24:35]} 12. g5 {[%clk 1:31:35]} Nh5 {[%clk 1:24:59]} 13. Kb1 {[%clk
1:31:28]} Nb6 {[%clk 1:23:42]} 14. Qf2 {[%clk 1:26:19]} Nc4 {[%clk 1:20:54]} 15.
Bxc4 {[%clk 1:26:32]} bxc4 {[%clk 1:20:57]} 16. Nc1 {[%clk 1:25:38]} Rb8 {[%clk
1:16:31]} 17. h4 {[%clk 1:25:31]} Qa5 {[%clk 1:08:28]} 18. Nd5 {[%clk 1:20:35]}
Bxd5 {[%clk 0:52:33]} 19. Rxd5 {[%clk 1:20:55]} Qb4 {[%clk 0:41:26]} 20. b3
{[%clk 1:20:43]} cxb3 {[%clk 0:40:50]} 21. cxb3 {[%clk 1:20:24]} Qb7 {[%clk
0:38:01]} 22. Rhd1 {[%clk 1:16:58]} f5 {[%clk 0:36:23]} 23. Qe2 {[%clk 1:16:01]}
fxe4 {[%clk 0:33:29]} 24. fxe4 {[%clk 1:16:16]} Nf4 {[%clk 0:33:36]} 25. Bxf4
{[%clk 1:15:21]} Rxf4 {[%clk 0:32:15]} 26. Rh1 {[%clk 1:15:09]} Qb4 {[%clk
0:30:42]} 27. Nd3 {[%clk 1:10:12]} Qxe4 {[%clk 0:30:16]} 28. Qxe4 {[%clk
1:10:31]} Rxe4 {[%clk 0:30:41]} 29. Nb2 {[%clk 1:08:28]} Kf7 {[%clk 0:27:42]} 30.
Kc2 {[%clk 1:07:05]} Ke6 {[%clk 0:26:39]} 31. Rd2 {[%clk 1:06:25]} d5 {[%clk
0:25:27]} 32. Kd3 {[%clk 1:06:09]} Rbb4 {[%clk 0:24:40]} 33. Rdh2 {[%clk
1:04:37]} Rg4 {[%clk 0:22:57]} 34. Kc2 {[%clk 1:04:35]} Rb8 {[%clk 0:20:33]} 35.
Kd3 {[%clk 1:02:53]} e4+ {[%clk 0:20:47]} 36. Kd2 {[%clk 1:02:45]} Rf8 {[%clk
0:18:41]} 37. Ke2 {[%clk 1:01:41]} Bd6 {[%clk 0:17:21]} 38. Rf2 {[%clk 1:01:14]}
Rxf2+ {[%clk 0:17:49]} 39. Kxf2 {[%clk 1:01:32]} Bc5+ {[%clk 0:18:14]} 40. Kf1
{[%clk 1:01:38]} Ke5 {[%clk 0:17:31]} 41. Rh2 {[%clk 1:01:38]} Kf4 {[%clk
0:16:14]} 42. Ke2 {[%clk 1:00:39]} Bg1 {[%clk 0:14:56]} 43. Rh3 {[%clk 0:59:20]}
Rg2+ {[%clk 0:15:19]} 44. Kf1 {[%clk 0:59:42]} Rxb2 {[%clk 0:15:42]} 45. Kxg1
{[%clk 1:00:02]} e3 {[%clk 0:15:13]} 46. g6 {[%clk 0:59:46]} h6 {[%clk 0:14:54]}
47. h5 {[%clk 1:00:05]} Rb1+ {[%clk 0:15:12]} 48. Kg2 {[%clk 1:00:29]} e2 {[%clk
0:15:35]} 0-1

[Event "Poznan Chess Festival"]
[Site "chess24.com"]
[Date "2021.08.22"]
[Round "9"]
[White "Jagodzinski, Alan"]
[Black "Baranska, Monika"]
[Result "1/2-1/2"]
[Board "21"]
[WhiteElo "1460"]
[WhiteCountry "POL"]
[WhiteFideId "21899983"]
[WhiteEloChange "7"]
[BlackElo "1767"]
[BlackCountry "POL"]
[BlackFideId "1130382"]
[BlackEloChange "-7"]

1. e4 {[%clk 1:30:58]} e6 {[%clk 1:30:57]} 2. d4 {[%clk 1:31:23]} d5 {[%clk
1:31:23]} 3. Nd2 {[%clk 1:31:45]} c5 {[%clk 1:31:47]} 4. Ngf3 {[%clk 1:32:06]}
cxd4 {[%clk 1:31:35]} 5. Nxd4 {[%clk 1:31:57]} Nc6 {[%clk 1:31:14]} 6. Bb5 {[%clk
1:30:36]} Bd7 {[%clk 1:31:07]} 7. c3 {[%clk 1:28:23]} Nxd4 {[%clk 1:28:31]} 8.
Bxd7+ {[%clk 1:26:32]} Qxd7 {[%clk 1:29:00]} 9. cxd4 {[%clk 1:26:29]} dxe4 {[%clk
1:29:06]} 10. Nxe4 {[%clk 1:25:47]} Qd5 {[%clk 1:17:41]} 11. Qd3 {[%clk 1:17:35]}
Be7 {[%clk 0:54:08]} 12. O-O {[%clk 1:13:59]} Nf6 {[%clk 0:54:33]} 13. Nc3 {[%clk
1:09:31]} Qh5 {[%clk 0:41:26]} 14. d5 {[%clk 1:03:30]} O-O {[%clk 0:37:00]} 15.
dxe6 {[%clk 1:01:27]} fxe6 {[%clk 0:37:21]} 16. Qb5 {[%clk 0:59:19]} Bc5 {[%clk
0:31:26]} 17. Bf4 {[%clk 0:49:32]} Ne4 {[%clk 0:21:58]} 18. Be3 {[%clk 0:46:10]}
Nxc3 {[%clk 0:18:36]} 19. Qxc5 {[%clk 0:45:06]} Qxc5 {[%clk 0:15:50]} 20. Bxc5
{[%clk 0:45:29]} Rfc8 {[%clk 0:15:48]} 21. Be3 {[%clk 0:33:37]} Nd5 {[%clk
0:16:08]} 22. Rac1 {[%clk 0:33:03]} 1/2-1/2

[Event "Poznan Chess Festival"]
[Site "chess24.com"]
[Date "2021.08.22"]
[Round "9"]
[White "Zakrzewska, Joanna"]
[Black "Zimochocki, Roman"]
[Result "1-0"]
[Board "22"]
[WhiteElo "1736"]
[WhiteCountry "POL"]
[WhiteFideId "1170112"]
[WhiteEloChange "4"]
[BlackElo "1491"]
[BlackCountry "POL"]
[BlackFideId "1131290"]
[BlackEloChange "-4"]

1. e4 {[%clk 1:30:59]} c6 {[%clk 1:31:00]} 2. d3 {[%clk 1:31:12]} d5 {[%clk
1:31:28]} 3. Nd2 {[%clk 1:31:33]} e6 {[%clk 1:29:07]} 4. Ngf3 {[%clk 1:31:49]}
Nf6 {[%clk 1:28:23]} 5. g3 {[%clk 1:32:08]} Be7 {[%clk 1:25:55]} 6. Bg2 {[%clk
1:32:29]} O-O {[%clk 1:23:21]} 7. O-O {[%clk 1:31:38]} b6 {[%clk 1:23:03]} 8. e5
{[%clk 1:31:28]} Nfd7 {[%clk 1:23:27]} 9. Re1 {[%clk 1:31:39]} Bb7 {[%clk
1:23:23]} 10. Nf1 {[%clk 1:31:24]} c5 {[%clk 1:23:32]} 11. h4 {[%clk 1:30:35]}
Nc6 {[%clk 1:23:56]} 12. N1h2 {[%clk 1:29:58]} Re8 {[%clk 1:17:17]} 13. h5 {[%clk
1:25:58]} f6 {[%clk 1:15:41]} 14. exf6 {[%clk 1:25:39]} Bxf6 {[%clk 1:15:08]} 15.
Ng4 {[%clk 1:24:51]} Qe7 {[%clk 1:12:52]} 16. h6 {[%clk 1:21:10]} Rad8 {[%clk
1:03:26]} 17. Nxf6+ {[%clk 1:18:48]} gxf6 {[%clk 1:03:03]} 18. Nh4 {[%clk
1:18:27]} Qf7 {[%clk 1:03:19]} 19. Bf3 {[%clk 1:06:25]} Nde5 {[%clk 0:59:16]} 20.
Bh5 {[%clk 1:05:58]} Ng6 {[%clk 0:59:45]} 21. Qg4 {[%clk 1:02:40]} Kh8 {[%clk
0:51:27]} 22. Nxg6+ {[%clk 0:59:13]} hxg6 {[%clk 0:51:55]} 23. Bxg6 {[%clk
0:57:26]} Rg8 {[%clk 0:52:24]} 24. Bxf7 {[%clk 0:57:18]} Rxg4 {[%clk 0:52:53]}
25. Bxe6 {[%clk 0:57:16]} Ra4 {[%clk 0:39:00]} 26. b3 {[%clk 0:13:24]} Ra6 {[%clk
0:39:06]} 27. Bb2 {[%clk 0:13:23]} d4 {[%clk 0:34:56]} 28. Bc4 {[%clk 0:11:16]}
Ra5 {[%clk 0:35:14]} 29. f4 {[%clk 0:10:58]} b5 {[%clk 0:32:16]} 30. Bf7 {[%clk
0:11:07]} Kh7 {[%clk 0:29:29]} 31. Kf2 {[%clk 0:10:09]} Kxh6 {[%clk 0:29:06]} 32.
a3 {[%clk 0:09:05]} Kg7 {[%clk 0:27:48]} 33. Bh5 {[%clk 0:08:55]} c4 {[%clk
0:22:53]} 34. b4 {[%clk 0:06:41]} Ra6 {[%clk 0:23:22]} 35. Rad1 {[%clk 0:06:39]}
c3 {[%clk 0:20:25]} 36. Bc1 {[%clk 0:06:59]} Rh8 {[%clk 0:17:36]} 37. g4 {[%clk
0:05:46]} f5 {[%clk 0:15:33]} 38. Kg3 {[%clk 0:06:11]} Rb6 {[%clk 0:12:32]} 39.
Re2 {[%clk 0:05:41]} Bc8 {[%clk 0:12:02]} 40. Rde1 {[%clk 0:05:59]} Bd7 {[%clk
0:12:14]} 41. Re7+ {[%clk 0:02:21]} Nxe7 {[%clk 0:12:37]} 42. Rxe7+ {[%clk
0:02:48]} Kf8 {[%clk 0:12:48]} 43. Rxd7 {[%clk 0:03:04]} Re6 {[%clk 0:12:52]} 44.
Rd8+ {[%clk 0:01:21]} Kg7 {[%clk 0:13:13]} 45. Rxh8 {[%clk 0:00:43]} Kxh8 {[%clk
0:13:41]} 46. Kf2 {[%clk 0:01:05]} fxg4 {[%clk 0:11:38]} 47. Bxg4 {[%clk
0:01:34]} Rh6 {[%clk 0:11:35]} 48. Bf3 {[%clk 0:01:12]} Kg7 {[%clk 0:11:09]} 49.
Bd5 {[%clk 0:00:35]} Rh2+ {[%clk 0:11:18]} 50. Bg2 {[%clk 0:01:04]} Kf6 {[%clk
0:11:42]} 51. Kg3 {[%clk 0:01:18]} Rh8 {[%clk 0:11:30]} 52. Bd5 {[%clk 0:01:04]}
Kf5 {[%clk 0:11:19]} 53. Be4+ {[%clk 0:01:18]} Kf6 {[%clk 0:11:48]} 54. f5 {[%clk
0:01:32]} Rg8+ {[%clk 0:12:00]} 55. Kf2 {[%clk 0:01:33]} Ke5 {[%clk 0:08:20]} 56.
Bh6 {[%clk 0:01:11]} Rg4 {[%clk 0:06:39]} 57. Bf8 {[%clk 0:01:00]} Rh4 {[%clk
0:03:30]} 58. Kg3 {[%clk 0:01:09]} Rh7 {[%clk 0:01:01]} 59. Bc5 {[%clk 0:01:22]}
Rg7+ {[%clk 0:01:01]} 60. Kf3 {[%clk 0:01:11]} 1-0

[Event "Poznan Chess Festival"]
[Site "chess24.com"]
[Date "2021.08.22"]
[Round "9"]
[White "Wesolowski, Edgar"]
[Black "Lesien, Tymoteusz"]
[Result "1-0"]
[Board "23"]
[WhiteElo "1975"]
[WhiteCountry "POL"]
[WhiteFideId "1138022"]
[WhiteEloChange "2"]
[BlackElo "1307"]
[BlackCountry "POL"]
[BlackFideId "21832676"]
[BlackEloChange "-2"]

1. c4 {[%clk 1:30:58]} c5 {[%clk 1:30:55]} 2. Nc3 {[%clk 1:31:25]} Nc6 {[%clk
1:30:38]} 3. Nf3 {[%clk 1:31:49]} g6 {[%clk 1:31:03]} 4. d4 {[%clk 1:31:48]} cxd4
{[%clk 1:31:24]} 5. Nxd4 {[%clk 1:32:14]} Bg7 {[%clk 1:31:46]} 6. e3 {[%clk
1:32:38]} Nf6 {[%clk 1:31:48]} 7. Be2 {[%clk 1:32:53]} O-O {[%clk 1:31:28]} 8.
O-O {[%clk 1:33:18]} d6 {[%clk 1:25:14]} 9. Qc2 {[%clk 1:33:32]} Be6 {[%clk
1:23:57]} 10. Nxe6 {[%clk 1:32:48]} fxe6 {[%clk 1:24:21]} 11. Rd1 {[%clk
1:32:45]} Nd7 {[%clk 1:23:03]} 12. Rb1 {[%clk 1:32:34]} Qa5 {[%clk 1:20:55]} 13.
a3 {[%clk 1:32:05]} Rf7 {[%clk 1:17:12]} 14. Bg4 {[%clk 1:31:46]} Nf8 {[%clk
1:15:03]} 15. f4 {[%clk 1:32:07]} Qc5 {[%clk 1:12:06]} 16. Qe4 {[%clk 1:30:54]}
Na5 {[%clk 1:08:50]} 17. b4 {[%clk 1:30:14]} Qxc4 {[%clk 1:09:11]} 18. bxa5
{[%clk 1:30:28]} Qxc3 {[%clk 1:09:07]} 19. a6 {[%clk 1:30:35]} Qc6 {[%clk
1:07:29]} 20. Bf3 {[%clk 1:26:56]} d5 {[%clk 1:04:31]} 21. Qb4 {[%clk 1:26:58]}
bxa6 {[%clk 1:01:40]} 22. e4 {[%clk 1:26:09]} Rd8 {[%clk 0:47:23]} 23. Qa5 {[%clk
1:26:19]} dxe4 {[%clk 0:41:02]} 24. Rxd8 {[%clk 1:23:04]} exf3 {[%clk 0:39:36]}
25. Qd2 {[%clk 1:23:28]} Bc3 {[%clk 0:32:04]} 26. Qf2 {[%clk 1:22:42]} Qe4 {[%clk
0:30:55]} 27. Rbb8 {[%clk 1:19:57]} Ba5 {[%clk 0:27:27]} 28. gxf3 {[%clk
1:17:45]} Qc6 {[%clk 0:26:36]} 29. Rdc8 {[%clk 1:18:03]} Bc7 {[%clk 0:16:40]} 30.
Be3 {[%clk 1:15:21]} Qd7 {[%clk 0:16:51]} 31. Ra8 {[%clk 1:13:29]} Bxf4 {[%clk
0:17:00]} 32. Rxf8+ {[%clk 1:12:50]} Rxf8 {[%clk 0:16:42]} 33. Rxf8+ {[%clk
1:13:16]} Kxf8 {[%clk 0:17:05]} 34. Bxf4 {[%clk 1:13:43]} Qd1+ {[%clk 0:13:41]}
35. Kg2 {[%clk 1:14:08]} Qa4 {[%clk 0:05:17]} 36. Bh6+ {[%clk 1:14:23]} Ke8
{[%clk 0:00:38]} 37. Qc5 {[%clk 1:14:42]} Qd7 {[%clk 0:00:37]} 38. Qc3 {[%clk
1:14:53]} Qb7 {[%clk 0:00:35]} 39. Qb4 {[%clk 1:14:02]} Qc7 {[%clk 0:00:37]} 40.
Qa4+ {[%clk 1:13:50]} Kf7 {[%clk 0:00:38]} 41. Qf4+ {[%clk 1:14:11]} Qxf4 {[%clk
0:00:41]} 42. Bxf4 {[%clk 1:14:36]} Ke8 {[%clk 0:00:33]} 43. Bb8 {[%clk 1:14:51]}
Kd7 {[%clk 0:00:56]} 44. Kg3 {[%clk 1:15:07]} 1-0

[Event "Poznan Chess Festival"]
[Site "chess24.com"]
[Date "2021.08.22"]
[Round "9"]
[White "Mackiewicz, Piotr"]
[Black "Swiatek, Mateusz"]
[Result "1/2-1/2"]
[Board "24"]
[WhiteElo "1771"]
[WhiteCountry "POL"]
[WhiteFideId "1139657"]
[WhiteEloChange "-7"]
[BlackElo "1501"]
[BlackCountry "POL"]
[BlackFideId "21837678"]
[BlackEloChange "7"]

1. d4 {[%clk 1:30:58]} d5 {[%clk 1:30:53]} 2. c4 {[%clk 1:31:21]} e6 {[%clk
1:31:16]} 3. Nc3 {[%clk 1:31:24]} Nf6 {[%clk 1:31:37]} 4. Nf3 {[%clk 1:31:50]}
Nbd7 {[%clk 1:30:53]} 5. cxd5 {[%clk 1:32:03]} exd5 {[%clk 1:31:14]} 6. Bf4
{[%clk 1:32:08]} c6 {[%clk 1:31:11]} 7. e3 {[%clk 1:32:33]} Bb4 {[%clk 1:27:17]}
8. Bd3 {[%clk 1:32:28]} O-O {[%clk 1:27:03]} 9. O-O {[%clk 1:32:54]} Re8 {[%clk
1:27:18]} 10. Qc2 {[%clk 1:33:06]} Nf8 {[%clk 1:24:49]} 11. Ne5 {[%clk 1:29:55]}
Ng6 {[%clk 1:23:28]} 12. Nxg6 {[%clk 1:30:19]} fxg6 {[%clk 1:23:07]} 13. a3
{[%clk 1:29:37]} Bd6 {[%clk 1:23:18]} 14. Bxd6 {[%clk 1:25:05]} Qxd6 {[%clk
1:23:40]} 15. h3 {[%clk 1:25:35]} g5 {[%clk 1:17:41]} 16. e4 {[%clk 1:14:09]}
dxe4 {[%clk 1:13:21]} 17. Nxe4 {[%clk 1:14:36]} Nxe4 {[%clk 1:13:28]} 18. Bxe4
{[%clk 1:15:05]} g6 {[%clk 1:09:33]} 19. Rad1 {[%clk 1:14:23]} Qf4 {[%clk
1:04:17]} 20. Rfe1 {[%clk 1:06:34]} Qf7 {[%clk 0:57:58]} 21. d5 {[%clk 0:49:35]}
cxd5 {[%clk 0:57:42]} 22. Bxd5 {[%clk 0:46:41]} Rxe1+ {[%clk 0:52:20]} 23. Rxe1
{[%clk 0:47:11]} Qxd5 {[%clk 0:52:36]} 24. Re8+ {[%clk 0:47:39]} Kf7 {[%clk
0:51:19]} 25. Rxc8 {[%clk 0:47:01]} Rxc8 {[%clk 0:51:07]} 26. Qxc8 {[%clk
0:47:30]} h6 {[%clk 0:51:10]} 27. Qc7+ {[%clk 0:47:41]} Kf6 {[%clk 0:51:22]} 28.
Qc3+ {[%clk 0:47:18]} Kf7 {[%clk 0:51:32]} 29. Qc7+ {[%clk 0:46:34]} Kf6 {[%clk
0:51:54]} 30. Qc3+ {[%clk 0:47:03]} 1/2-1/2

[Event "Poznan Chess Festival"]
[Site "chess24.com"]
[Date "2021.08.22"]
[Round "9"]
[White "Litke, Slawomir"]
[Black "Zarzycki, Lukasz"]
[Result "0-1"]
[Board "25"]
[WhiteElo "1623"]
[WhiteCountry "POL"]
[WhiteFideId "21882282"]
[WhiteEloChange "-14"]
[BlackElo "1494"]
[BlackCountry "POL"]
[BlackFideId "21843511"]
[BlackEloChange "14"]

1. e4 {[%clk 1:30:56]} c5 {[%clk 1:30:55]} 2. d4 {[%clk 1:30:29]} cxd4 {[%clk
1:31:17]} 3. c3 {[%clk 1:30:54]} d3 {[%clk 1:30:59]} 4. Bxd3 {[%clk 1:31:14]} Nc6
{[%clk 1:31:23]} 5. Nf3 {[%clk 1:28:55]} d6 {[%clk 1:31:22]} 6. O-O {[%clk
1:27:23]} Nf6 {[%clk 1:31:46]} 7. Bg5 {[%clk 1:23:30]} e6 {[%clk 1:30:55]} 8. c4
{[%clk 1:21:21]} Be7 {[%clk 1:30:53]} 9. Nc3 {[%clk 1:21:40]} a6 {[%clk 1:31:13]}
10. Rc1 {[%clk 1:21:22]} O-O {[%clk 1:31:06]} 11. Qe2 {[%clk 1:21:10]} Bd7 {[%clk
1:19:56]} 12. Rfd1 {[%clk 1:17:57]} Ne5 {[%clk 1:17:16]} 13. Nxe5 {[%clk
1:15:39]} dxe5 {[%clk 1:17:39]} 14. Rd2 {[%clk 1:11:19]} Qc7 {[%clk 1:17:06]} 15.
b3 {[%clk 1:07:18]} Rfd8 {[%clk 1:14:53]} 16. Bb1 {[%clk 1:01:15]} Bc6 {[%clk
1:11:29]} 17. Rxd8+ {[%clk 0:56:32]} Rxd8 {[%clk 1:08:03]} 18. Nd5 {[%clk
0:55:43]} Nxd5 {[%clk 1:03:57]} 19. cxd5 {[%clk 0:55:33]} Bxg5 {[%clk 1:03:35]}
20. Rc2 {[%clk 0:55:56]} exd5 {[%clk 0:58:58]} 0-1

[Event "Poznan Chess Festival"]
[Site "chess24.com"]
[Date "2021.08.22"]
[Round "9"]
[White "Tadych, Szymon"]
[Black "Dopierala, Adam"]
[Result "1/2-1/2"]
[Board "26"]
[WhiteElo "1396"]
[WhiteCountry "POL"]
[WhiteFideId "21820406"]
[WhiteEloChange "5"]
[BlackElo "1582"]
[BlackCountry "POL"]
[BlackFideId "21878960"]
[BlackEloChange "-5"]

1. e4 {[%clk 1:30:56]} c6 {[%clk 1:30:58]} 2. Nc3 {[%clk 1:31:18]} d5 {[%clk
1:31:24]} 3. Nf3 {[%clk 1:31:44]} Bg4 {[%clk 1:31:51]} 4. h3 {[%clk 1:32:03]}
Bxf3 {[%clk 1:32:17]} 5. Qxf3 {[%clk 1:32:27]} e6 {[%clk 1:32:42]} 6. exd5 {[%clk
1:32:16]} cxd5 {[%clk 1:31:51]} 7. Bb5+ {[%clk 1:30:39]} Nc6 {[%clk 1:30:08]} 8.
O-O {[%clk 1:29:02]} Bd6 {[%clk 1:28:12]} 9. Re1 {[%clk 1:25:29]} Ne7 {[%clk
1:28:03]} 10. d4 {[%clk 1:22:46]} O-O {[%clk 1:28:06]} 11. Be3 {[%clk 1:22:03]}
Rc8 {[%clk 1:25:37]} 12. g3 {[%clk 1:13:43]} Bb4 {[%clk 1:15:53]} 13. a3 {[%clk
1:01:17]} Bxc3 {[%clk 1:14:46]} 14. bxc3 {[%clk 1:01:44]} Nf5 {[%clk 1:15:10]}
15. Bd2 {[%clk 0:59:54]} Ncxd4 {[%clk 1:12:21]} 16. cxd4 {[%clk 1:00:14]} Nxd4
{[%clk 1:12:48]} 17. Qd3 {[%clk 1:00:37]} Nxc2 {[%clk 1:13:10]} 18. Bb4 {[%clk
1:00:07]} Nxe1 {[%clk 1:11:55]} 19. Rxe1 {[%clk 1:00:31]} a6 {[%clk 1:11:42]} 20.
Bxf8 {[%clk 1:00:44]} Qxf8 {[%clk 1:12:01]} 21. Ba4 {[%clk 1:00:50]} Qc5 {[%clk
1:09:59]} 22. Re2 {[%clk 0:56:44]} Qc1+ {[%clk 1:02:41]} 23. Kg2 {[%clk 0:56:44]}
Rc3 {[%clk 1:02:41]} 24. Rc2 {[%clk 0:56:44]} Rxd3 {[%clk 1:03:05]} 25. Rxc1
{[%clk 0:56:44]} g6 {[%clk 1:03:05]} 1/2-1/2

[Event "Poznan Chess Festival"]
[Site "chess24.com"]
[Date "2021.08.22"]
[Round "9"]
[White "Czarnolewski, Piotr"]
[Black "Wojciechowski, Szymon"]
[Result "1-0"]
[Board "28"]
[WhiteElo "1562"]
[WhiteCountry "POL"]
[WhiteFideId "1133489"]
[WhiteEloChange "2"]
[BlackElo "1207"]
[BlackCountry "POL"]
[BlackFideId "21055505"]
[BlackEloChange "-2"]

1. e4 {[%clk 1:30:30]} c5 {[%clk 1:30:30]} 2. Nf3 {[%clk 1:30:30]} g6 {[%clk
1:30:30]} 3. d4 {[%clk 1:30:30]} cxd4 {[%clk 1:30:30]} 4. Nxd4 {[%clk 1:30:30]}
Nc6 {[%clk 1:30:30]} 5. Be3 {[%clk 1:30:30]} Bg7 {[%clk 1:30:30]} 6. Nc3 {[%clk
1:30:30]} Nf6 {[%clk 1:30:30]} 7. f3 {[%clk 1:30:30]} O-O {[%clk 1:30:30]} 8. g4
{[%clk 1:30:30]} Qb6 {[%clk 1:30:30]} 9. Qd2 {[%clk 1:30:30]} Nxe4 {[%clk
1:30:30]} 10. Nxc6 {[%clk 1:30:30]} Nxd2 {[%clk 1:30:30]} 11. Nxe7+ {[%clk
1:30:30]} Kh8 {[%clk 1:30:30]} 12. Bxb6 {[%clk 1:30:30]} Nxf1 {[%clk 1:30:30]}
13. Bc5 {[%clk 1:30:30]} d6 {[%clk 1:30:30]} 14. Bf2 {[%clk 1:30:30]} Bxc3+
{[%clk 1:30:30]} 15. bxc3 {[%clk 1:30:30]} Re8 {[%clk 1:30:30]} 16. Bh4 {[%clk
1:30:30]} Ne3 {[%clk 1:30:30]} 17. Bf6# {[%clk 1:30:30]} 1-0

[Event "Poznan Chess Festival"]
[Site "chess24.com"]
[Date "2021.08.22"]
[Round "9"]
[White "Jagodzinski, Olaf"]
[Black "Lakowski, Filip"]
[Result "1-0"]
[Board "29"]
[WhiteElo "1519"]
[WhiteCountry "POL"]
[WhiteFideId "21002614"]
[WhiteEloChange "3"]
[BlackElo "1196"]
[BlackCountry "POL"]
[BlackFideId "21826420"]
[BlackEloChange "-3"]

1. e4 {[%clk 1:30:30]} g6 {[%clk 1:30:30]} 2. d4 {[%clk 1:30:30]} Bg7 {[%clk
1:30:30]} 3. Nf3 {[%clk 1:30:30]} d6 {[%clk 1:30:30]} 4. Nc3 {[%clk 1:30:30]} a6
{[%clk 1:30:30]} 5. a4 {[%clk 1:30:30]} Nc6 {[%clk 1:30:30]} 6. h3 {[%clk
1:30:30]} Nf6 {[%clk 1:30:30]} 7. Bc4 {[%clk 1:30:30]} O-O {[%clk 1:30:30]} 8. d5
{[%clk 1:30:30]} Na7 {[%clk 1:30:30]} 9. O-O {[%clk 1:30:30]} c6 {[%clk 1:30:30]}
10. Bb3 {[%clk 1:30:30]} e6 {[%clk 1:30:30]} 11. Bg5 {[%clk 1:30:30]} Qc7 {[%clk
1:30:30]} 12. Re1 {[%clk 1:30:30]} exd5 {[%clk 1:30:30]} 13. exd5 {[%clk
1:30:30]} Nxd5 {[%clk 1:30:30]} 14. Bxd5 {[%clk 1:30:30]} cxd5 {[%clk 1:30:30]}
15. Nxd5 {[%clk 1:30:30]} Qc5 {[%clk 1:30:30]} 16. Be3 {[%clk 1:30:30]} Qa5
{[%clk 1:30:30]} 17. Bb6 {[%clk 1:30:30]} 1-0

[Event "Poznan Chess Festival"]
[Site "chess24.com"]
[Date "2021.08.22"]
[Round "9"]
[White "Nicikowski, Jozef"]
[Black "Zakrzewski, Bartosz"]
[Result "1/2-1/2"]
[Board "30"]
[WhiteElo "1372"]
[WhiteCountry "POL"]
[WhiteFideId "21816468"]
[WhiteEloChange "5"]
[BlackElo "1578"]
[BlackCountry "POL"]
[BlackFideId "1176196"]
[BlackEloChange "-5"]

1. e4 {[%clk 1:30:30]} c5 {[%clk 1:30:30]} 2. Nf3 {[%clk 1:30:30]} e6 {[%clk
1:30:30]} 3. d4 {[%clk 1:30:30]} cxd4 {[%clk 1:30:30]} 4. Nxd4 {[%clk 1:30:30]}
Nc6 {[%clk 1:30:30]} 5. Nc3 {[%clk 1:30:30]} Qc7 {[%clk 1:30:30]} 6. Ndb5 {[%clk
1:30:30]} Qb8 {[%clk 1:30:30]} 7. Be3 {[%clk 1:30:30]} a6 {[%clk 1:30:30]} 8. Na3
{[%clk 1:30:30]} Nf6 {[%clk 1:30:30]} 9. Bb6 {[%clk 1:30:30]} Bb4 {[%clk
1:30:30]} 10. Bd3 {[%clk 1:30:30]} d5 {[%clk 1:30:30]} 11. O-O {[%clk 1:30:30]}
d4 {[%clk 1:30:30]} 12. Ne2 {[%clk 1:30:30]} e5 {[%clk 1:30:30]} 13. Nc4 {[%clk
1:30:30]} Be6 {[%clk 1:30:30]} 14. Ng3 {[%clk 1:30:30]} Bxc4 {[%clk 1:30:30]} 15.
Bxc4 {[%clk 1:30:30]} Nd7 {[%clk 1:30:30]} 16. Qf3 {[%clk 1:30:30]} O-O {[%clk
1:30:30]} 17. a3 {[%clk 1:30:30]} Nxb6 {[%clk 1:30:30]} 18. Ba2 {[%clk 1:30:30]}
Be7 {[%clk 1:30:30]} 19. Nf5 {[%clk 1:30:30]} Nd7 {[%clk 1:30:30]} 20. Qg4 {[%clk
1:30:30]} Bf6 {[%clk 1:30:30]} 21. Nh6+ {[%clk 1:30:30]} Kh8 {[%clk 1:30:30]} 22.
Qxd7 {[%clk 1:30:30]} gxh6 {[%clk 1:30:30]} 23. Qf5 {[%clk 1:30:30]} Qd6 {[%clk
1:30:30]} 24. f4 {[%clk 1:30:30]} Ne7 {[%clk 1:30:30]} 25. Qh5 {[%clk 1:30:30]}
Bg7 {[%clk 1:30:30]} 26. f5 {[%clk 1:30:30]} Qf6 {[%clk 1:30:30]} 27. h4 {[%clk
1:30:30]} Qc6 {[%clk 1:30:30]} 28. Rae1 {[%clk 1:30:30]} f6 {[%clk 1:30:30]} 29.
g4 {[%clk 1:30:30]} Qe8 {[%clk 1:30:30]} 30. Qxe8 {[%clk 1:30:30]} Rfxe8 {[%clk
1:30:30]} 31. g5 {[%clk 1:30:30]} hxg5 {[%clk 1:30:30]} 32. hxg5 {[%clk 1:30:59]}
Rf8 {[%clk 1:30:30]} 33. g6 {[%clk 1:30:59]} h6 {[%clk 1:30:30]} 34. Kg2 {[%clk
1:30:59]} Rac8 {[%clk 1:30:30]} 35. Re2 {[%clk 1:30:59]} Rc5 {[%clk 1:30:30]} 36.
Kf3 {[%clk 1:30:59]} Rfc8 {[%clk 1:30:30]} 37. Rff2 {[%clk 1:30:59]} b5 {[%clk
1:30:30]} 38. Be6 {[%clk 1:30:59]} R8c7 {[%clk 1:30:30]} 39. Rh2 {[%clk 1:30:59]}
Nc6 {[%clk 1:30:30]} 40. Rh3 {[%clk 1:30:59]} Ne7 {[%clk 1:30:30]} 41. Reh2
{[%clk 1:30:59]} Ng8 {[%clk 1:30:30]} 42. Bb3 {[%clk 1:30:59]} a5 {[%clk
1:30:30]} 43. a4 {[%clk 1:30:59]} b4 {[%clk 1:30:30]} 44. Kg4 {[%clk 1:30:59]}
Bf8 {[%clk 1:30:30]} 45. Kf3 {[%clk 1:30:59]} Bg7 {[%clk 1:30:30]} 46. Kg4 {[%clk
1:30:59]} R5c6 {[%clk 1:30:30]} 47. Kf3 {[%clk 1:30:59]} Rd6 {[%clk 1:30:30]} 48.
Ke2 {[%clk 1:30:59]} Rdc6 {[%clk 1:30:30]} 49. Kd3 {[%clk 1:30:59]} Rc5 {[%clk
1:30:30]} 50. Kd2 {[%clk 1:30:59]} R5c6 {[%clk 1:30:30]} 51. Kd3 {[%clk 1:30:59]}
Rc5 {[%clk 1:30:30]} 52. Kd2 {[%clk 1:30:59]} R5c6 {[%clk 1:30:30]} 53. Kd3
{[%clk 1:30:59]} 1/2-1/2